00309pab a2200121 454500008004000000100001500040245006200055260000900117300001300126362000800139650002900147773001100176180718b2008 xxu||||| |||| 00| 0 eng d aSaha, B.K. aEnergy security: renewable energy: can it bridge the gap? c2008 ap.47-49. aApr aRenewable energy sources aYojana